Managing quality : (Record no. 47217)

MARC details
000 -LEADER
fixed length control field 01780cam a2200349 a 4500
001 - CONTROL NUMBER
control field 15780427
005 - DATE AND TIME OF LATEST TRANSACTION
control field 20161114125355.0
008 - FIXED-LENGTH DATA ELEMENTS--GENERAL INFORMATION
fixed length control field 090618s2010 maua b 001 0 eng
010 ## - LIBRARY OF CONGRESS CONTROL NUMBER
LC control number 2009024984
015 ## - NATIONAL BIBLIOGRAPHY NUMBER
National bibliography number GBA9B4953
Source bnb
016 7# - NATIONAL BIBLIOGRAPHIC AGENCY CONTROL NUMBER
Record control number 015431739
Source Uk
020 ## - INTERNATIONAL STANDARD BOOK NUMBER
International Standard Book Number 9780136088509 (casebound : alk. paper)
020 ## - INTERNATIONAL STANDARD BOOK NUMBER
International Standard Book Number 0136088503 (casebound : alk. paper)
020 ## - INTERNATIONAL STANDARD BOOK NUMBER
International Standard Book Number 9780136088523 (hbk.)
020 ## - INTERNATIONAL STANDARD BOOK NUMBER
International Standard Book Number 013608852X (hbk.)
035 ## - SYSTEM CONTROL NUMBER
System control number (OCoLC)ocn297146329
040 ## - CATALOGING SOURCE
Original cataloging agency DLC
Transcribing agency DLC
Modifying agency YDX
-- BTCTA
-- YDXCP
-- UKM
-- CDX
-- DLC
050 00 - LIBRARY OF CONGRESS CALL NUMBER
Classification number HF5415.15
Item number .F67 2010
082 00 - DEWEY DECIMAL CLASSIFICATION NUMBER
Classification number 658.4/013
Edition number 22
100 1# - MAIN ENTRY--PERSONAL NAME
Personal name Foster, S. Thomas.
245 10 - TITLE STATEMENT
Title Managing quality :
Remainder of title integrating the supply chain /
Statement of responsibility, etc S. Thomas Foster.
250 ## - EDITION STATEMENT
Edition statement 4th ed.
260 ## - PUBLICATION, DISTRIBUTION, ETC. (IMPRINT)
Place of publication, distribution, etc Boston :
Name of publisher, distributor, etc Prentice Hall,
Date of publication, distribution, etc c2010.
300 ## - PHYSICAL DESCRIPTION
Extent xxv, 519 p. :
Other physical details ill. ;
Dimensions 26 cm.
504 ## - BIBLIOGRAPHY, ETC. NOTE
Bibliography, etc Includes bibliographical references and index.
505 0# - FORMATTED CONTENTS NOTE
Formatted contents note Differing perspectives on quality -- Quality theory -- Global supply chain quality and international quality standards -- Strategic quality planning -- The voice of the customer -- The voice of the market -- Quality and innovation in product and process design -- Designing quality services -- Managing supplier quality in the supply chain -- The tools of quality -- Statistically based quality improvement for variables -- Statistically based quality improvement for attributes -- Six sigma management and lean tools -- Managing quality improvement teams and projects -- Implementing and validating the quality system.
650 #0 - SUBJECT ADDED ENTRY--TOPICAL TERM
Topical term or geographic name as entry element Quality of products.
650 #0 - SUBJECT ADDED ENTRY--TOPICAL TERM
Topical term or geographic name as entry element Quality control.
906 ## - LOCAL DATA ELEMENT F, LDF (RLIN)
a 7
b cbc
c orignew
d 1
e ecip
f 20
g y-gencatlg
942 ## - ADDED ENTRY ELEMENTS (KOHA)
Source of classification or shelving scheme Library of Congress Classification
Item type Book
Holdings
Withdrawn status Lost status Source of classification or shelving scheme Damaged status Not for loan Collection code Home library Current library Shelving location Date acquired Source of acquisition Cost, normal purchase price Total Checkouts Full call number Barcode Date last borrowed Copy number Price effective from Koha item type
    Library of Congress Classification     Non-fiction Nairobi Campus Nairobi Campus General Circulation 14/11/2016 Donation 500.00 4 HF5415.15 .F67 2010 048367 18/06/2019 1 14/11/2016 Book